[Event "Pavlodar Tokkata"]
[Site "Pavlodar"]
[Date "2014.06.17"]
[Round "1"]
[White "Tchirkov, Vladimir"]
[Black "Makhnyov, Denis"]
[Result "0-1"]
[WhiteElo "2340"]
[BlackElo "2213"]
[PlyCount "102"]
[EventDate "2014.06.13"]
[EventType "tourn"]
[EventRounds "9"]
[EventCountry "KAZ"]
[EventCategory "1"]
[SourceTitle "EXT 2018"]
[Source "ChessBase"]
[SourceDate "2017.10.13"]
[SourceVersion "1"]
[SourceVersionDate "2017.10.13"]
[SourceQuality "1"]

1. d4 Nf6 2. Bg5 e6 3. Nd2 d5 4. e3 Be7 5. Bd3 Nbd7 6. f4 c5 7. c3 b6 8. Ngf3 Bb7 9. Ne5 a6 10. 0-0 b5 11. Qf3 c4 12. Bc2 h6 13. Bxf6 Bxf6 14. Qh5 Rf8 15. Ndf3 Nxe5 16. fxe5 Be7 17. h4 Kd7 18. Rf2 f5 19. exf6 gxf6 20. Re1 Bd6 21. Ree2 f5 22. Qxh6 Qe7 23. Ne5+ Bxe5 24. dxe5 Rh8 25. Qg5 Rxh4 26. Qxe7+ Kxe7 27. Rf4 Rh5 28. g4 Rg8 29. Rh2 Rhg5 30. Rh7+ R8g7 31. Rxg7+ Rxg7 32. Kh2 fxg4 33. Kg3 a5 34. Rxg4 Rxg4+ 35. Kxg4 b4 36. Kf4 Bc6 37. e4 Kd7 38. Ke3 dxe4 39. cxb4 axb4 40. Kd4 Bd5 41. Ba4+ Kc7 42. Bb5 e3 43. Kxe3 Kb6 44. Be8 Kc5 45. Bf7 c3 46. bxc3 bxc3 47. a3 Kc4 48. Bg6 Kb3 49. Kd3 Bc6 50. Kd4 Ba4 51. Kc5 Kxa3 0-1

[Event "Pavlodar Nikitin Memorial"]
[Site "Pavlodar"]
[Date "2014.01.25"]
[Round "8"]
[White "Tchirkov, Vladimir"]
[Black "Kalikov, Temirlan"]
[Result "1-0"]
[WhiteElo "2355"]
[BlackElo "1982"]
[PlyCount "56"]
[EventDate "2014.01.18"]
[EventType "tourn"]
[EventRounds "11"]
[EventCountry "KAZ"]
[EventCategory "4"]
[SourceTitle "EXT 2015"]
[Source "ChessBase"]
[SourceDate "2014.11.20"]
[SourceVersion "1"]
[SourceVersionDate "2014.11.20"]
[SourceQuality "1"]

1. d4 f5 2. Nc3 Nf6 3. Bg5 g6 4. Bxf6 exf6 5. e3 d5 6. g3 c6 7. Bg2 Nd7 8. Nge2 Bd6 9. Nb1 0-0 10. Nd2 b5 11. 0-0 Nb6 12. b3 Ba6 13. c3 Qd7 14. Re1 b4 15. Qc2 c5 16. dxc5 Bxc5 17. cxb4 Bxb4 18. a3 Rac8 19. Qb2 Bd6 20. Nd4 Qe7 21. b4 Bd3 22. Rac1 Kg7 23. Rxc8 Rxc8 24. Rc1 Na4 25. Qa1 Bc4 26. Bxd5 Bxd5 27. Rxc8 Bb7 28. Qc1 Nb6 1-0

[Event "Pavlodar Nikitin Memorial"]
[Site "Pavlodar"]
[Date "2014.01.23"]
[Round "6"]
[White "Tchirkov, Vladimir"]
[Black "Gurkin, Anton"]
[Result "0-1"]
[WhiteElo "2355"]
[BlackElo "2214"]
[PlyCount "40"]
[EventDate "2014.01.18"]
[EventType "tourn"]
[EventRounds "11"]
[EventCountry "KAZ"]
[EventCategory "4"]
[SourceTitle "EXT 2015"]
[Source "ChessBase"]
[SourceDate "2014.11.20"]
[SourceVersion "1"]
[SourceVersionDate "2014.11.20"]
[SourceQuality "1"]

1. d4 d5 2. Bg5 Bf5 3. c4 Bxb1 4. Rxb1 Nf6 5. Qb3 dxc4 6. Qxb7 e6 7. Qxa8 Bb4+ 8. Bd2 Bxd2+ 9. Kxd2 Qxd4+ 10. Kc2 0-0 11. Rd1 Qc5 12. Qf3 Nc6 13. e4 Rb8 14. Nh3 Nd4+ 15. Rxd4 Qxd4 16. Qc3 Qxe4+ 17. Kc1 Nd5 18. f3 Qh4 19. g3 Qh6+ 20. Qd2 c3 0-1

[Event "Pavlodar Nikitin Memorial"]
[Site "Pavlodar"]
[Date "2014.01.21"]
[Round "4"]
[White "Suleymenov, Alisher"]
[Black "Tchirkov, Vladimir"]
[Result "1/2-1/2"]
[WhiteElo "1984"]
[BlackElo "2355"]
[PlyCount "51"]
[EventDate "2014.01.18"]
[EventType "tourn"]
[EventRounds "11"]
[EventCountry "KAZ"]
[EventCategory "4"]
[SourceTitle "EXT 2015"]
[Source "ChessBase"]
[SourceDate "2014.11.20"]
[SourceVersion "1"]
[SourceVersionDate "2014.11.20"]
[SourceQuality "1"]

1. d4 Nf6 2. c4 c5 3. d5 e5 4. Nc3 d6 5. e4 Be7 6. h3 0-0 7. Bd3 Ne8 8. g4 Bg5 9. Nf3 Bxc1 10. Qxc1 Na6 11. Qd2 Nac7 12. 0-0-0 a6 13. a4 Bd7 14. Kc2 b5 15. cxb5 axb5 16. axb5 Rb8 17. Qe2 g6 18. Rhg1 Ng7 19. Ra1 Rb7 20. Nd2 Qe7 21. Ndb1 Kh8 22. Na3 f5 23. f3 fxe4 24. fxe4 Rf4 25. Raf1 Rb8 26. Qe3 1/2-1/2